TOP 50 Polska - Spotify - Statystyki

Ogólne statystyki
  • Ten quiz został rozwiązany 67 razy
  • Średni wynik to 8 z 50
Statystyki odpowiedzi
Wykonawca Tytuł % Poprawnych
Bungee, Tuszol TAK TO LATA
76%
LATWOGANG, Ed Sheeran Azizam
60%
Bungee FIKU MIKU
58%
Fagata, Dajczman POW POW
54%
Malik Montana Baciata
50%
Bungee, Skolim AUTOBANA
46%
MIU, Zalia dopóki się nie znudzisz
46%
Mata KAMIKAZE
44%
Ekipa, Modelki Santa Cruz
42%
BROKIES, Dajczman PUK PUK
34%
Sentino, BNP CASABLANCA
30%
Pezet, Auer Dom nad Wodą
20%
Kaz Bałagane, Oskar83 Multisport
18%
Young Multi Gdzie mój dom?
16%
Pezet Plan B
16%
Mata, Oki BEZ NIKOGO OBOK
14%
PRO8L3M Ground Zero
14%
Kizo, clearmind KIEROWNIK
14%
Fukaj Zabiorę Cię Tam
14%
Bajorson, Dawid Obserwator Bailando
12%
Malik Montana Belly Dance
12%
FRIENDZ, Łobuzy JAK TA LALA
12%
Deemz, Szpaku, Mata POKOLOROWANA
12%
Mata, Żabson PALMA DE MALLORCA
10%
Młody West 100 Tysięcy
8%
sombr 12 to 12
8%
sombr back to friends
8%
Taylor Swift The Fate of Ophelia
8%
PRO8L3M VHS
8%
Sobel, francis CAŁE LATO
6%
HUNTR/X, EJAE, AUDREY NUNA Golden
6%
Sobel, francis, Deemz KOCHASZ?
6%
PRO8L3M Nie bój się bać
6%
Majki, Kumi, Major SPZ Uno Momento
6%
Otsochodzi Luty
4%
Fukaj NIE CHCĘ WRACAĆ
4%
Alex Warren Ordinary
4%
RAYE WHERE IS MY HUSBAND!
4%
Sorry Boys Absolutnie, absolutnie
2%
Żabson BOUNCE BACK
2%
BLACKPINK JUMP
2%
Tate McRae Just Keep Watching
2%
PRO8L3M Kursor
2%
Kuban, Favst kyoto
2%
PRO8L3M Memento
2%
Tkandz, CXSPER NOW OR NEVER
2%
Avi, Pezet Imago
0%
Otsochodzi. Iohleq NAWETT JAK
0%
Disco Lines, Tinashe No Broke Boys
0%
Swedish House Mafia Wait So Long
0%
Nie znaleziono quizów pasujących do podanych kryteriów
Rozkład punktacji
Procent ludzi z każdym wynikiem
Percentyl według liczby udzielonych odpowiedzi
Twoja historia wyników
Nie rozwiązałeś tego quizu